Normal view
MARC view
- بخيدة، علي حسين
Entry Personal Name
001 - CONTROL NUMBER
- control field: 39204
003 - CONTROL NUMBER IDENTIFIER
- control field: JO-AjAnu
005 - DATE AND TIME OF LATEST TRANSACTION
- control field: 20230606080525.0
008 - FIXED-LENGTH DATA ELEMENTS
- fixed length control field: 230606|| aca||aabn | a|a d
040 ## - CATALOGING SOURCE
- Original cataloging agency: JO-AjAnu
- Transcribing agency: JO-AjAnu
100 ## - HEADING--PERSONAL NAME
- Personal name: بخيدة، علي حسين
670 ## - SOURCE DATA FOUND
- Source citation: Work cat.: (JO-AjAnu)20105: بخيدة، علي حسين , author, ضمان عيوب المبيع في عقد البيع في القانونين المصري والمغربي " دراسة مقارنة "